Podaj stolicę państwa na podstawie flagi #2 - Statystyki

Ogólne statystyki
  • Ten quiz został rozwiązany 23 razy
  • Średni wynik to 15 z 16
Statystyki odpowiedzi
Obrazkowy Odpowiedź % Poprawnych
Kijów
100%
Madryt
100%
Moskwa
100%
Oslo
100%
Rzym
100%
Londyn
95%
Pekin
95%
Praga
95%
Sztokholm
95%
Berno
90%
Brasilia
90%
Bruksela
90%
Zagrzeb
90%
Seul
86%
Belgrad
76%
Montevideo
57%
Nie znaleziono quizów pasujących do podanych kryteriów
Rozkład punktacji
Procent ludzi z każdym wynikiem
Percentyl według liczby udzielonych odpowiedzi
Twoja historia wyników
Nie rozwiązałeś tego quizu